00682nam a22001931 450000100060000000300080000600500170001400800410003103500190007204000270009104100080011808200230012610000390014924500810018826001090026930000210037850400300039965000590042918032BD-RjUL20211209000228.0140219s1964 mnu b 000 0 eng  a(BD-RjUL)18090 aDLCcDLCdBD-RjULbeng aeng00a813.509bSEV 19641 aO'Connor, William Van,d1915-1966,10aSeven modern American novelists :ban introduction /c William Van O'Connor. aMinneapolis ;aBombay:bUniversity of Minnesota Press ;bPopular parakashan,c1964, [India printed 1968] a302 p. :c23 cm. aBibliography: p. 267-279. 0aAmerican fictiony20th centuryxHistory and criticism.